Geografické rozhledy časopis pro další vzdělávání v geografii

Na minha lista:
Detalhes bibliográficos
Formato: Periódico
Idioma:tcheco
Publicado em: Praha Česká geografická společnost 2022
Tags: Adicionar Tag
Sem tags, seja o primeiro a adicionar uma tag!

MARC

LEADER 00000nas2a2200000 4500
001 0280596
005 20220104102721.8
022 |a 1210-3004 
041 0 |a cze 
044 |a CZ 
245 1 0 |a Geografické rozhledy  |b časopis pro další vzdělávání v geografii 
264 1 |a Praha  |b Česká geografická společnost  |c 2022 
773 0 |w eu_un_cat*0268343